<?xml version="1.0" encoding="UTF-8"?><?xml-stylesheet type="text/xsl" href="static/style.xsl"?><OAI-PMH xmlns="http://www.openarchives.org/OAI/2.0/" xmlns:xsi="http://www.w3.org/2001/XMLSchema-instance" xsi:schemaLocation="http://www.openarchives.org/OAI/2.0/ http://www.openarchives.org/OAI/2.0/OAI-PMH.xsd"><responseDate>2026-06-02T17:21:24Z</responseDate><request verb="GetRecord" identifier="oai:riuma.uma.es:10630/19844" metadataPrefix="marc">https://riuma.uma.es/rest/oai/request</request><GetRecord><record><header><identifier>oai:riuma.uma.es:10630/19844</identifier><datestamp>2026-02-03T12:38:52Z</datestamp><setSpec>com_10630_2254</setSpec><setSpec>col_10630_37957</setSpec></header><metadata><record xmlns="http://www.loc.gov/MARC21/slim" xmlns:dcterms="http://purl.org/dc/terms/" xmlns:doc="http://www.lyncode.com/xoai" xmlns:xsi="http://www.w3.org/2001/XMLSchema-instance" xsi:schemaLocation="http://www.loc.gov/MARC21/slim http://www.loc.gov/standards/marcxml/schema/MARC21slim.xsd">
   <leader>00925njm 22002777a 4500</leader>
   <datafield ind2=" " ind1=" " tag="042">
      <subfield code="a">dc</subfield>
   </datafield>
   <datafield ind2=" " ind1=" " tag="720">
      <subfield code="a">Molina-García, Álvaro</subfield>
      <subfield code="e">author</subfield>
   </datafield>
   <datafield ind2=" " ind1=" " tag="260">
      <subfield code="c">2020-09-14</subfield>
   </datafield>
   <datafield ind2=" " ind1=" " tag="520">
      <subfield code="a">El subsistema de las obstruyentes sibilantes del español medieval experimentó un proceso de reducción fonológica que en el español andaluz dio lugar a un único fonema fricativo dental /θ/. Desde mediados del siglo XX, ha emergido un contraste entre /s/ : /θ/ en el español meridional. No obstante, según el Principio de Garde, la reversión de una fusión es teóricamente imposible, ya que la recuperación del contraste implicaría la recuperación de las razones del cambio lingüístico, el cual es arbitrario. La explicación propuesta hasta ahora era la fusión aparente; es decir, a pesar de que las realizaciones eran percibidas de manera idéntica, se han mantenido pistas acústicas que han permitido a los hablantes recuperar el contraste.&#xd;
El análisis acústico de las realizaciones de las obstruyentes fricativas de 54 informantes de Málaga a partir de los parámetros acústicos estudiados tradicionalmente en las fricativas —duración, intensidad (media, mínima, máxima), cruces por cero y momentos espectrales (desviación estándar, curtosis, asimetría y pico espectral)— produce, principalmente, dos aportaciones. &#xd;
Por un lado, permite conocer el estado actual del proceso: perceptivamente, se producen un 70,30% de realizaciones canónicas (en línea con los estudios anteriores). Acústicamente, se registra un grado de 0,37 sobre 1 de escisión. Consecuentemente, encontramos una disociación acústico-perceptiva que puede explicarse a partir de la relación entre el esfuerzo articulatorio y el prestigio social obtenido.</subfield>
   </datafield>
   <datafield ind1="8" ind2=" " tag="024">
      <subfield code="a">https://hdl.handle.net/10630/19844</subfield>
   </datafield>
   <datafield tag="653" ind2=" " ind1=" ">
      <subfield code="a">Fonética acústica - Tesis doctorales</subfield>
   </datafield>
   <datafield tag="653" ind2=" " ind1=" ">
      <subfield code="a">Español - Fonética - Tesis doctorales</subfield>
   </datafield>
   <datafield ind2="0" ind1="0" tag="245">
      <subfield code="a">Fundamentos acústico-perceptivos de la escisión prestigiosa de /θ/. Estudio sociofonético en Málaga</subfield>
   </datafield>
</record>
</metadata></record></GetRecord></OAI-PMH>